{"text_format":"3","workbook":"xlsx","n_sheets":1,"sheets":["Sheet1"],"not_rendered":{"images":5,"defined_names":1},"read":"whole","date_system":"1900"}

{"sheet":"Sheet1","index":0,"n_rows":9,"n_cols":11,"rows_kept":9,"merged":[[0,0,0,10],[1,9,1,10],[2,9,2,10],[3,9,3,10],[4,9,4,10],[7,9,7,10]]}
["春晖花苑25、26栋楼采购清单"]
["序号","采购内容","数量","单位","规格参数及相关要求","全费用单价（元）","合价（元）","推荐品牌","备注","现场图片"]
[1,"入户门更换\n\n(含指纹锁）",44,"樘","入户门：\n1.原入户门拆除，外运至采购人指定地点，整齐堆放\n2.门框四周粉刷层、涂料修补\n3.新换入户门（含门框）,材质:钢质,单门外开，尺寸2050*960mm,各项参数须符合国家规范标准\n4.样式经采购人确认\n5.送货、安装（含所有辅材）、调试,产品生产日期须在2024年3月1日之后。\n指纹锁：\n1.开锁方式：密码，刷卡，指纹，机械钥匙\n2.锁芯等级：C级锁芯\n3.锁体类型：机械锁体\n4.样式经采购人确认\n5.送货、安装（含所有辅材）、调试，产品生产日期须在2024年5月1日之后。",4200,{"$f":"C3*F3","v":184800},"门：盼盼、开开、TATA\n指纹锁：海尔、TCL、联想","1.门洞口尺寸:1.07*2.1=2.3㎡\n"]
[2,"餐厅桌椅\n(一桌四椅）",32,"组","1.餐桌尺寸120x80x76cm（暂定）\n2.椅子4把\n3.材质：优质橡木实木，环保达到国家标准\n4.样式经采购人确认\n5.送货、安装（含所有辅材）、调试，产品生产日期须在2024年5月1日之后。",2000,64000,null,"1.桌椅组合（1+4）\n2.预留空间 4㎡"]
[3,"燃气热水器更换",44,"台","1.原燃气热水器拆除，外运至采购人指定地点，整齐堆放\n2.新装燃气热水器升位≥12升、恒温、二级能效\n3.是否防冻：是\n4.排烟方式：强排式\n5.气源：天然气\n6.样式经采购人确认\n7.送货、安装（含所有辅材）、调试，产品生产日期须在2024年5月1日之后。",1500,66000,"方太、老板、美的"]
[4,"燃气灶具更换",44,"台","1.原燃气灶具拆除，外运至采购人指定地点，整齐堆放\n2.新装嵌入式双灶头燃气灶，能效等级一级、不锈钢（玻璃）面板、热电偶熄火保护装置\n3.样式经采购人确认\n4.燃气具安装服务资质经国家主管部门认证，须具备资质的专业人员进行安装，谨防用电用气安全隐患\n5.送货、安装（含所有辅材）、调试，产品生产日期须在2024年5月1日之后。",1200,52800,"方太、老板、华帝","1.预留洞口长：0.65m\n2.预留洞口宽：0.35m",{"$f":"_xlfn.DISPIMG(\"ID_9643612F29B54637A8CC0E516AE24F90\",1)","v":"=DISPIMG(\"ID_9643612F29B54637A8CC0E516AE24F90\",1)"},{"$f":"_xlfn.DISPIMG(\"ID_20F3F5948F3D4D4ABA5F713CB8E9DB11\",1)","v":"=DISPIMG(\"ID_20F3F5948F3D4D4ABA5F713CB8E9DB11\",1)"}]
[5,"马桶洁具更换",44,"套","1.原马桶洁具拆除，外运至采购人指定地点，整齐堆放\n2.新装陶瓷连体式坐便器，冲水方式：虹吸式，承重70kg及以上，排水方式：地排水\n3.水效等级：1级\n3.坑距由供应商自行测量、马桶样式经采购人确认\n4.送货、安装（含所有辅材），产品生产日期须在2024年5月1日之后。",1500,66000,"九牧、恒洁、箭牌","1.预留空间进深：0.7m\n2.预留空间宽度：0.75m",{"$f":"_xlfn.DISPIMG(\"ID_4360F3F300154156AF4C0BEE416D5063\",1)","v":"=DISPIMG(\"ID_4360F3F300154156AF4C0BEE416D5063\",1)"},{"$f":"_xlfn.DISPIMG(\"ID_090D2C08DAEE435EBDAB049215CD69B7\",1)","v":"=DISPIMG(\"ID_090D2C08DAEE435EBDAB049215CD69B7\",1)"}]
[6,"挂壁空调",32,"台","1.名称：变频冷暖空调\n2.规格：1.5P \n3.安装形式：挂式，含支架\n4.室外采用不锈钢支架及膨胀螺栓\n4.样式经采购人确认，产品生产日期须在2024年5月1日之后。",2500,80000,"美的、格力、奥克斯"]
[null,"合计",{"$nulls":4},{"$f":"SUM(G3:G8)","v":513600}]